Statistics for Tottenham Hotspur Squad - 2023/24

Click here to take the quiz!

General Stats

  • This quiz has been taken 59 times
  • The average score is 24 of 32

Answer Stats

HintAnswer% Correct
GKGugliemo Vicario
100%
DEFChristian Romero
98%
ATTHeung-Min Son
96%
GKHugo Lloris
93%
DEFMicky van de Ven
93%
DEFEmerson Royal
89%
MIDJames Maddison
89%
ATTRicharlison
89%
ATTBrennan Johnson
87%
DEFDestiny Udogie
87%
MIDPape Matar Sarr
87%
DEFBen Davies
85%
ATTDejan Kulusevski
85%
MIDYves Bissouma
85%
GKFraser Forster
84%
DEFPedro Porro
84%
MIDOliver Skipp
82%
DEFEric Dier
80%
MIDPierre-Emile Hojbjerg
80%
MIDGiovani Lo Celso
75%
MIDRodrigo Bentancur
75%
ATTBryan Gil
73%
ATTAlejo Veliz
64%
GKAlfie Whiteman
60%
ATTIvan Perisic
56%
DEFRyan Sessegnon
55%
DEFAshley Phillips
53%
GKBrandon Austin
53%
ATTJamie Donley
40%
DEFAlfie Dorrington
38%
ATTManor Soloman
22%
MIDYago Santiago
16%

Score Distribution

Percentile by Number Answered

Percent of People with Each Score

Your Score History

You have not taken this quiz